Čchi-kung čung-jüan lékařský aspekt čchi-kungu

Podrobná bibliografia
Hlavní autori: Xu, Mingtang, 1963- (Autor), Martynova, Tamara (Autor)
Ďalší autori: Baslová, Marie (Prekladateľ)
Médium: Kniha
Jazyk:čeština
angličtina
Fyzický popis:232 s. ilustr. 21 cm
Vydavateľské údaje: Bratislava Eugenika 2003
ISBN:8089115276
Vydanie:1. vyd.
Predmet:

MARC

LEADER 00000cam a2200000 a 4500
001 vtls001466076
003 SK-MaSNL
005 20260301014353.0
008 240314s2003 xo a g nf 000 0 cze
015 |a SNBA2004/03-02537 
020 |a 8089115276 
035 |a SNK000421381 
035 |a urn:nbn:sk:snk-amksde 
035 |a urn:nbn:sk:snk-am005any 
035 |a 0BD83B29-4EF3-45D6-94C1-FBA153AEC043 
040 |a SNK  |b slo  |c SNK  |e AACR2 
041 1 |a cze  |h eng 
044 |a xo  |c SK 
072 7 |a 615.8  |x Fyzioterapia. Psychoterapia. Alternatívna medicína  |2 konspekt 
080 |a 796.012.62  |2 1981 
080 |a 615.825  |2 1981 
080 |a 24-584.7  |2 1981 
080 |a 577.337  |2 1981 
080 |a (035)  |2 1981 
100 0 |a Xu, Mingtang,  |d 1963-  |4 aut  |9 55863 
240 1 0 |a Čžun juaň cigun  |l Česky 
245 1 0 |a Čchi-kung čung-jüan  |b lékařský aspekt čchi-kungu  |c Sü Ming-tchang, Tamara Martynovová ; [překlad: Marie Baslová] 
250 |a 1. vyd. 
260 |a Bratislava  |b Eugenika  |c 2003 
300 |a 232 s.  |b ilustr.  |c 21 cm 
500 |a Ilustr. na tit. strane 
504 |a Bibliogr. s. 232 
650 0 7 |a čchi-kung  |2 SNKPH  |9 3480 
650 0 7 |a čung-jüan  |2 SNKPH  |9 68052 
650 0 7 |a telesné cvičenia  |2 SNKPH  |9 707 
650 0 7 |a duchovné cvičenia  |2 SNKPH  |9 1723 
650 0 7 |a energetický systém človeka  |2 SNKPH  |9 67686 
655 7 |a príručky  |2 SNKPH  |9 74364 
700 1 |a Martynova, Tamara  |4 aut  |9 302538 
700 1 |a Baslová, Marie  |4 trl  |9 302539 
919 |a 80-89115-27-6 
968 |b RUS  |d 61 
999 |c 558462  |d 560392 
952 |t P60, <03>, [BOOK], {603}  |a SNK  |b SNK  |y PREZ  |7 0  |p 17A0408902  |o snkSD 73455  |i snkKSP 486/2004  |0 0  |1 0  |4 0  |d 2004-01-14  |l 0  |r 2025-11-20 00:00:00  |w 2026-02-23 
952 |a SNK  |b SNK  |y VYP  |7 0  |p 17A0408910  |o snkSD 73455 D1  |i snkKSP 487/2004  |0 0  |1 0  |4 0  |d 2004-01-14  |f 1  |l 0  |r 2005-01-02 00:00:00  |w 2026-02-23